| 000 | 01048cam a2200301 4500 | ||
|---|---|---|---|
| 001 | 190919 | ||
| 003 | ES-MaACL | ||
| 005 | 20250827062644.0 | ||
| 008 | 220829s2008 sp | |||| 001 0 spa | ||
| 017 |
_aM 32337-2008 _bOficina Depósito Legal Madrid |
||
| 020 | _a978-84-309-4738-6 | ||
| 080 | _a342(460)"19/20"(094.5) | ||
| 110 | 1 |
_aEspaña _93622 |
|
| 243 | 1 | 0 | _aLeyes, etc. |
| 245 | 1 | 0 |
_aNormas políticas / _cedición preparada por Luis Aguiar de Luque y Pablo Pérez Tremps. |
| 250 | _a9ª ed. | ||
| 260 |
_aMadrid : _bTecnos, _c2008. |
||
| 300 |
_a1148 p. ; _c17 cm. |
||
| 490 | 1 |
_aBiblioteca de textos legales ; _v250 |
|
| 500 | _aÍndice. | ||
| 650 | 4 |
_aDerecho constitucional- _zEspaña _911682 |
|
| 700 | 1 |
_aAguiar de Luque, Luis. _9138895 |
|
| 700 | 1 |
_aPérez Tremps, Pablo. _991182 |
|
| 830 | 0 |
_aBiblioteca de textos legales (Editorial Tecnos) ; _v250. _9225946 |
|
| 852 | 4 |
_aES-MaACL _jA-15258 _9 198108 _bR.144200 _cDEPO1 _dOlim: L 342(460)"2008" ESP _dOlim: Meseton |
|
| 942 | _2udc | ||
| 999 |
_c190919 _d190919 |
||